<?xml version="1.0" encoding="UTF-8"?><?xml-stylesheet type="text/xsl" href="static/style.xsl"?><OAI-PMH xmlns="http://www.openarchives.org/OAI/2.0/" xmlns:xsi="http://www.w3.org/2001/XMLSchema-instance" xsi:schemaLocation="http://www.openarchives.org/OAI/2.0/ http://www.openarchives.org/OAI/2.0/OAI-PMH.xsd"><responseDate>2026-04-17T03:16:35Z</responseDate><request verb="GetRecord" identifier="oai:www.recercat.cat:20.500.14342/2184" metadataPrefix="marc">https://recercat.cat/oai/request</request><GetRecord><record><header><identifier>oai:recercat.cat:20.500.14342/2184</identifier><datestamp>2026-01-10T23:58:40Z</datestamp><setSpec>com_2072_482405</setSpec><setSpec>com_2072_183628</setSpec><setSpec>col_2072_482411</setSpec></header><metadata><record xmlns="http://www.loc.gov/MARC21/slim" xmlns:dcterms="http://purl.org/dc/terms/" xmlns:xsi="http://www.w3.org/2001/XMLSchema-instance" xmlns:doc="http://www.lyncode.com/xoai" xsi:schemaLocation="http://www.loc.gov/MARC21/slim http://www.loc.gov/standards/marcxml/schema/MARC21slim.xsd">
   <leader>00925njm 22002777a 4500</leader>
   <datafield ind2=" " ind1=" " tag="042">
      <subfield code="a">dc</subfield>
   </datafield>
   <datafield ind2=" " ind1=" " tag="720">
      <subfield code="a">Folch, Carmina</subfield>
      <subfield code="e">author</subfield>
   </datafield>
   <datafield ind2=" " ind1=" " tag="720">
      <subfield code="a">Capdevila, Reina</subfield>
      <subfield code="e">author</subfield>
   </datafield>
   <datafield ind2=" " ind1=" " tag="720">
      <subfield code="a">Prat Moratonas, Montserrat</subfield>
      <subfield code="e">author</subfield>
   </datafield>
   <datafield ind2=" " ind1=" " tag="260">
      <subfield code="c">2019</subfield>
   </datafield>
   <datafield ind2=" " ind1=" " tag="520">
      <subfield code="a">El presente artículo presenta una experiencia llevada a cabo por el profesorado &#xd;
del  tercer  curso  del  grado  de  Educación  Infantil  de  la  Universidad  Ramon  Llull  de  &#xd;
Barcelona  (España).  Una  propuesta  de  intervención  multidisciplinar,  en  la  que  se  unen  &#xd;
dos  módulos:  uno  de  arte  (educación  musical,  corporal,  visual  y  plástica)  y  otro  de  &#xd;
ciencias  (matemáticas,  y  ciencias  experimentales  y  sociales).  La  intervención  parte  de  &#xd;
una idea generadora –el libro &#xd;
Alicia en el País de las Maravillas&#xd;
– que permite establecer &#xd;
conexiones  entre  los  contenidos  de  los  módulos,  conlleva  experiencias  de  codocencia,  &#xd;
trabajos multidisciplinarios y evaluación compartida. El objetivo del estudio es conocer la  percepción  del  profesorado  participante  sobre  los  cambios  en  los  componentes  &#xd;
didácticos  que  comporta  la  experiencia.  Para  la  recogida  de  datos  se  realizaron  &#xd;
entrevistas semiestructuradas en tres momentos del proceso y un grupo de discusión &#xd;
al  final.  El  análisis  de  datos  muestra  que  la  experiencia  ha  sido  rica  en  cuanto  a  la  &#xd;
propuesta multidisciplinar, la docencia compartida y el crecimiento de la competencia &#xd;
creativa,  el  trabajo  cooperativo  y  la  capacidad  de  liderazgo  de  los  estudiantes.  Las  &#xd;
debilidades se centran en la evaluación y en las dificultades para disponer de tiempo &#xd;
y espacios adecuados para preparar e implementar la propuesta.</subfield>
   </datafield>
   <datafield ind2=" " ind1=" " tag="520">
      <subfield code="a">This  article  presents  an  experience  carried  out  by  the  faculty  of  the  third  &#xd;
year  of  the  Infant  Education  degree  at  the  Ramon  Llull  University  in  Barcelona  &#xd;
(Spain).  A  proposal  for  multidisciplinary  intervention  that  joins  two  modules:  one  &#xd;
for  arts  (musical,  corporal,  visual,  and  plastic  education)  and  another  for  sciences  &#xd;
(mathematics,  and  experimental  and  social  sciences).  The  intervention  stems  from  &#xd;
a  generating  idea—the  book  “Alice  in  Wonderland”—which  allows  for  connections  &#xd;
between  the  contents  of  the  modules,  involves  co-teaching,  multidisciplinary  work,  &#xd;
and shared evaluation experiences. The aim of the study is to get to know the perception &#xd;
of  the  participating  faculty  about  the  changes  in  the  didactic  components  involved  &#xd;
in  the  experience.  For  data  collection,  semi-structured  interviews  were  carried  out  &#xd;
at  three  moments  of  the  process  and  a  discussion  group  at  the  end.  The  analysis  of  &#xd;
the  data  shows  that  the  experience  has  been  rich  in  terms  of  the  multidisciplinary  &#xd;
approach, shared teaching, growth of creative competence, the student s cooperative &#xd;
work  and  leadership  capacity.  Weaknesses  reside  in  the  assessment  process  and  &#xd;
difficulties finding adequate time and space to prepare and implement the proposal.</subfield>
   </datafield>
   <datafield ind2=" " ind1=" " tag="520">
      <subfield code="a">O presente artigo apresenta uma experiência realizada pelos professores do &#xd;
terceiro ano do curso de graduação de Educação Infantil da Universidade Ramon Llull &#xd;
de  Barcelona  (Espanha).  Uma  proposta  de  intervenção  multidisciplinar,  em  que  se  &#xd;
unem dois módulos: um de arte (educação musical, corporal, visual e plástica) e outro &#xd;
de ciências (matemáticas, e ciências experimentais e sociais). A intervenção parte de &#xd;
uma  ideia  geradora  –o  livro  &#xd;
Alícia  no  País  das  Maravilhas&#xd;
–  que  permite  estabelecer  &#xd;
conexões   entre   os   conteúdos   dos   módulos,   acarreta   experiências   de   docência   &#xd;
compartilhada,  trabalhos  multidisciplinares  e  avaliação  compartilhada.  O  objetivo  &#xd;
do  estudo  é  conhecer  a  percepção  dos  professores  participantes  sobre  as  mudanças  &#xd;
dos  componentes  didáticos  que  a  experiência  comporta.  Para  o  levantamento  de dados,  realizaram-se  entrevistas  semiestruturadas  em  três  momentos  do  processo  e  &#xd;
um grupo de discussão ao final. A análise de dados mostra que a experiência tem sido &#xd;
enriquecedora  em  termos  de  proposta  multidisciplinar,  de  docência  compartilhada  &#xd;
e  de  crescimento  da  competência  criativa,  o  trabalho  cooperativo  e  a  capacidade  de  &#xd;
liderança  dos  estudantes.  As  fraquezas  centram-se  na  avaliação  e  nas  dificuldades  &#xd;
para dispor de tempo e espaços adequados para preparar e implementar a proposta.</subfield>
   </datafield>
   <datafield ind1="8" ind2=" " tag="024">
      <subfield code="a">http://hdl.handle.net/20.500.14342/2184</subfield>
   </datafield>
   <datafield ind1="8" ind2=" " tag="024">
      <subfield code="a">https://doi.org/10.19083/ridu.2019.743</subfield>
   </datafield>
   <datafield tag="653" ind2=" " ind1=" ">
      <subfield code="a">Mestres -- Formació</subfield>
   </datafield>
   <datafield tag="653" ind2=" " ind1=" ">
      <subfield code="a">Interdisciplinarietat en l'ensenyament</subfield>
   </datafield>
   <datafield tag="653" ind2=" " ind1=" ">
      <subfield code="a">Matemàtica -- Ensenyament</subfield>
   </datafield>
   <datafield tag="653" ind2=" " ind1=" ">
      <subfield code="a">Ciències - Ensenyament</subfield>
   </datafield>
   <datafield tag="653" ind2=" " ind1=" ">
      <subfield code="a">Art -- Ensenyament</subfield>
   </datafield>
   <datafield ind2="0" ind1="0" tag="245">
      <subfield code="a">Percepción del Profesorado sobre una Experiencia Multidisciplinar: Arte y Ciencias en un Grado de Educación</subfield>
   </datafield>
</record></metadata></record></GetRecord></OAI-PMH>